[Event "East Lansing (MOR/3)"]
[Site "?"]
[Date "1991.??.??"]
[Round "?"]
[White "Moceri, Paul"]
[Black "Smith, Robert"]
[Result "1-0"]
[WhiteElo "1605"]
[BlackElo "1695"]
[PlyCount "61"]
[EventDate "1991.??.??"]

1. e4 c5 2. Nf3 d6 3. d4 cxd4 4. Nxd4 Nf6 5. Nc3 a6 6. Be3 e5 7. Nf3 b5 8. Nd5
Nbd7 9. Qd3 Bb7 10. Nd2 Nxd5 11. exd5 Be7 12. Be2 O-O 13. O-O-O Qa5 14. Kb1
Rfc8 15. Nb3 Qd8 16. Bg4 Rc4 17. Bxd7 Qxd7 18. Nd2 Rcc8 19. h4 a5 20. g4 b4 21.
g5 Ba6 22. Qe4 g6 23. h5 Be2 24. hxg6 Bxd1 25. gxf7+ Kf8 26. Rxd1 Kg7 27. g6
hxg6 28. Rg1 g5 29. Bxg5 Bxg5 30. Rxg5+ Kxf7 31. Qh7+ 1-0

[Event "East Lansing (MOR/4)"]
[Site "?"]
[Date "1991.??.??"]
[Round "?"]
[White "Moceri, Paul"]
[Black "Brooks, Brion"]
[Result "1-0"]
[WhiteElo "1605"]
[BlackElo "1745"]
[PlyCount "75"]
[EventDate "1991.??.??"]

1. e4 e6 2. d4 d5 3. Nc3 Bb4 4. Qg4 Ne7 5. Qxg7 Rg8 6. Qxh7 dxe4 7. Qxe4 f5 8.
Qh4 Nbc6 9. Nf3 Qd5 10. Qh5+ Ng6 11. Bd3 Nxd4 12. Nxd4 Qxd4 13. O-O Bxc3 14.
bxc3 Qxc3 15. Bg5 Kf8 16. Rad1 Qg7 17. Bh6 Nf4 18. Bxg7+ Rxg7 19. Qh8+ Kf7 20.
g3 b6 21. Qxg7+ Kxg7 22. gxf4 Bb7 23. f3 Kf6 24. Kf2 Rh8 25. Rh1 Rh3 26. Be2 e5
27. fxe5+ Kxe5 28. Rd7 Kf4 29. Kg2 Rh6 30. Rxc7 Bd5 31. c4 Re6 32. Kf2 Rxe2+
33. Kxe2 Bxf3+ 34. Kf2 Bxh1 35. Rxa7 Be4 36. Ra6 Bd3 37. Rxb6 Ke5 38. c5 1-0

[Event "East Lansing (MOR/1)"]
[Site "?"]
[Date "1991.??.??"]
[Round "?"]
[White "Moceri, Paul"]
[Black "Aldrich, Justin"]
[Result "1-0"]
[WhiteElo "1605"]
[BlackElo "1605"]
[PlyCount "37"]
[EventDate "1991.??.??"]

1. e4 e5 2. Nf3 Nc6 3. Bc4 Nf6 4. Ng5 h6 5. Nxf7 Qe7 6. Nxh8 Qc5 7. Bf7+ Kd8 8.
Nc3 Qd4 9. d3 Bc5 10. Be3 Qc4 11. Bxc4 Bxe3 12. fxe3 Ng4 13. Qxg4 d6 14. Qxg7
Ne7 15. O-O Bd7 16. Rf8+ Be8 17. Qf7 Kd7 18. Qe6+ Kd8 19. Nf7# 1-0

[Event "East Lansing (MOR/2)"]
[Site "?"]
[Date "1991.??.??"]
[Round "?"]
[White "Mitchell, Dave"]
[Black "Williams, Duane"]
[Result "0-1"]
[WhiteElo "1605"]
[BlackElo "1630"]
[PlyCount "40"]
[EventDate "1991.??.??"]

1. d4 Nf6 2. Nf3 e6 3. c3 b6 4. e3 Bb7 5. Nbd2 d6 6. Bd3 Nbd7 7. O-O g6 8. Re1
Bg7 9. e4 O-O 10. e5 dxe5 11. Nxe5 Nxe5 12. Rxe5 Ng4 13. Re1 Qh4 14. Nf3 Qxf2+
15. Kh1 Bxf3 16. Qxf3 Qxe1+ 17. Bf1 e5 18. h3 e4 19. Qe2 Qxe2 20. Bxe2 Nf6 0-1

[Event "East Lansing (MOR/4)"]
[Site "?"]
[Date "1991.??.??"]
[Round "?"]
[White "Mitchell, Dave"]
[Black "Hayes, Tim"]
[Result "0-1"]
[WhiteElo "1605"]
[BlackElo "1605"]
[PlyCount "88"]
[EventDate "1991.??.??"]

1. d4 Nf6 2. Nf3 b6 3. Bg5 e6 4. e3 Bb7 5. Nbd2 Be7 6. Bd3 Nc6 7. c3 d5 8. O-O
Qd7 9. Qc2 a5 10. Rfe1 h6 11. Bxf6 gxf6 12. Nh4 Ba6 13. Bxa6 Rxa6 14. e4 dxe4
15. g3 f5 16. Ng2 h5 17. h4 b5 18. Nf1 Bf6 19. Qe2 Bxd4 20. Rad1 Bxf2+ 21. Kxf2
Qe7 22. Qxb5 Rb6 23. Qe2 Ne5 24. Nf4 Qc5+ 25. Kg2 Qc6 26. Kh3 Nf3 27. Ne3 Nxe1
28. Rxe1 Qb5 29. Qxb5+ Rxb5 30. Nc4 Rc5 31. b3 a4 32. Rd1 axb3 33. axb3 Ke7 34.
Kg2 Rb5 35. Na3 Rxb3 36. Nc2 Rb2 37. Rc1 Rd8 38. Kg1 Rd2 39. Ne3 e5 40. Nc4
Rdc2 41. Nxb2 Rxc1+ 42. Kg2 Rc2+ 43. Kh3 exf4 44. Na4 f3 0-1

[Event "East Lansing (MOR/6)"]
[Site "?"]
[Date "1991.??.??"]
[Round "?"]
[White "Mitchell, Dave"]
[Black "Caron, L."]
[Result "0-1"]
[WhiteElo "1605"]
[BlackElo "1605"]
[PlyCount "44"]
[EventDate "1991.??.??"]

1. d4 d5 2. Nf3 g6 3. Bg5 Nf6 4. e3 Bg7 5. Nbd2 Nc6 6. c3 O-O 7. Be2 Re8 8. O-O
e5 9. dxe5 Nxe5 10. Nxe5 Rxe5 11. Nf3 Re8 12. Qb3 c6 13. Rad1 Qd6 14. Bf4 Qe6
15. Nd4 Qe7 16. Bf3 Be6 17. Rfe1 Nh5 18. Bxh5 gxh5 19. Nxe6 fxe6 20. Qc2 e5 21.
e4 exf4 22. exd5 Qxe1+ 0-1

[Event "East Lansing (MOR/7)"]
[Site "?"]
[Date "1991.??.??"]
[Round "?"]
[White "Miller, David"]
[Black "Vaughn, Gerald"]
[Result "1-0"]
[WhiteElo "1635"]
[BlackElo "1605"]
[PlyCount "79"]
[EventDate "1991.??.??"]

1. e4 e6 2. d4 d5 3. Nc3 Bb4 4. e5 c5 5. a3 cxd4 6. axb4 dxc3 7. bxc3 Qc7 8.
Qd4 Ne7 9. f4 Nf5 10. Qd2 a6 11. Nf3 b5 12. Bxb5+ Nc6 13. Bxc6+ Qxc6 14. Nd4
Qb7 15. O-O Qb6 16. Kh1 Nh6 17. Ba3 Qd8 18. b5 Qh4 19. g3 Qh3 20. Rfb1 a5 21.
Bd6 f6 22. c4 dxc4 23. Qg2 Qh5 24. Qxa8 Kf7 25. Qg2 Ng4 26. Rxa5 Rd8 27. Ra7+
Kg6 28. Qe4+ Kh6 29. Qe2 f5 30. b6 c3 31. b7 Qe8 32. b8=Q Ba6 33. Rxa6 Rxb8 34.
Rxb8 Qf7 35. Bb4 Qc7 36. Rxe6+ g6 37. Nxf5+ Kh5 38. h3 gxf5 39. hxg4+ fxg4 40.
Qh2# 1-0

[Event "East Lansing (MOR/6)"]
[Site "?"]
[Date "1991.??.??"]
[Round "?"]
[White "Miller, David"]
[Black "Carpenter, George"]
[Result "1-0"]
[WhiteElo "1635"]
[BlackElo "1605"]
[PlyCount "115"]
[EventDate "1991.??.??"]

1. e4 d6 2. d4 Nf6 3. Nc3 g6 4. f4 Bg7 5. Nf3 O-O 6. h3 Nbd7 7. Be3 c6 8. Bd3
Qc7 9. Qd2 b5 10. f5 Bb7 11. a3 a5 12. Ne2 c5 13. Ng3 c4 14. Be2 Bxe4 15. fxg6
fxg6 16. c3 d5 17. Bf4 Qb7 18. Rg1 Nb8 19. Ne5 Nc6 20. Ng4 Nxg4 21. Bxg4 b4 22.
Be6+ Kh8 23. Nxe4 dxe4 24. Bxc4 bxc3 25. bxc3 Rad8 26. Be3 Qc7 27. Rf1 Nxd4 28.
Rxf8+ Bxf8 29. Bxd4+ Bg7 30. Bxg7+ Kxg7 31. Qe2 Qg3+ 32. Kf1 Rf8+ 33. Kg1 Qxc3
34. Rb1 Qd4+ 35. Kh1 Rf2 36. Rd1 Rxe2 37. Rxd4 Re1+ 38. Kh2 e3 39. Re4 Kf6 40.
Kg3 e5 41. Kf3 Rc1 42. Bg8 Kg7 43. Bd5 Kf6 44. Rxe3 Rc7 45. Kg3 Re7 46. Kg4 Rd7
47. Rf3+ Kg7 48. Be4 Rd4 49. Re3 Kf6 50. Kg3 Rd7 51. Rb3 Rd4 52. Kf3 Ra4 53.
Bc6 Rc4 54. Bb7 Kf5 55. Re3 Rf4+ 56. Ke2 e4 57. g3 Rf3 58. Bxe4+ 1-0

[Event "East Lansing (MOR/4)"]
[Site "?"]
[Date "1991.??.??"]
[Round "?"]
[White "Miller, David"]
[Black "Borhani-Azar, C."]
[Result "1-0"]
[WhiteElo "1635"]
[BlackElo "1605"]
[PlyCount "115"]
[EventDate "1991.??.??"]

1. e4 e5 2. Nf3 Nc6 3. Bb5 a6 4. Ba4 Bc5 5. O-O d6 6. c3 Bg4 7. h3 Bxf3 8. Qxf3
Qf6 9. Qe2 Qe7 10. b4 b5 11. Bxb5 axb5 12. Qxb5 Bxf2+ 13. Rxf2 Qd7 14. a4 Nf6
15. Qe2 Nxb4 16. cxb4 Rxa4 17. Rxa4 Qxa4 18. Nc3 Qxb4 19. Qb5+ Qxb5 20. Nxb5
Nxe4 21. Rf3 Ng5 22. Rc3 Ne6 23. Nxc7+ Kd7 24. Nxe6 Kxe6 25. Rc7 g6 26. Bb2 f5
27. Bc3 h5 28. Kf2 f4 29. Kf3 Kf5 30. Rd7 Ke6 31. Rb7 Kf5 32. Bb4 e4+ 33. Kf2
Ke6 34. Rg7 Rh6 35. Ke2 d5 36. d3 Kf5 37. Rf7+ Ke5 38. Bf8 exd3+ 39. Kxd3 Rh8
40. Bg7+ Ke6 41. Rf6+ Ke7 42. Bxh8 g5 43. Rf5 g4 44. hxg4 hxg4 45. Rxf4 g3 46.
Rg4 d4 47. Kxd4 Ke6 48. Rxg3 Kf5 49. Rf3+ Kg6 50. Ke5 Kg5 51. Rg3+ Kh5 52. Kf4
Kh6 53. Rg5 Kh7 54. Kf5 Kh6 55. Kf6 Kh7 56. Rg6 Kxh8 57. Kf7 Kh7 58. Rd6 1-0

[Event "East Lansing (MOR/2)"]
[Site "?"]
[Date "1991.??.??"]
[Round "?"]
[White "Miller, David"]
[Black "Aydar, A."]
[Result "1-0"]
[WhiteElo "1635"]
[BlackElo "1605"]
[PlyCount "57"]
[EventDate "1991.??.??"]

1. e4 e5 2. Nf3 f5 3. Nxe5 Qf6 4. d4 d6 5. Nf3 fxe4 6. Bg5 Qg6 7. Qe2 Be6 8.
Qe3 exf3 9. Bd3 Qf7 10. d5 fxg2 11. Rg1 h6 12. Bf4 Be7 13. dxe6 Qf6 14. Nc3 Na6
15. Rxg2 Nc5 16. Bg6+ Kd8 17. Bf7 c6 18. O-O-O g5 19. Bxd6 Bxd6 20. Rxd6+ Kc7
21. Qxc5 Qf4+ 22. Rd2 Nf6 23. Nb5+ Kb8 24. Qd6+ Qxd6 25. Nxd6 Kc7 26. Nc4 b5
27. Ne5 Ne4 28. Rd7+ Kb6 29. e7 1-0

[Event "East Lansing (MOR/5)"]
[Site "?"]
[Date "1991.??.??"]
[Round "?"]
[White "Mikus, R."]
[Black "Wanshon, Kevin"]
[Result "0-1"]
[WhiteElo "1605"]
[BlackElo "1705"]
[PlyCount "36"]
[EventDate "1991.??.??"]

1. e4 c6 2. d4 d5 3. e5 Bf5 4. g4 Bg6 5. Nc3 e6 6. Bd2 c5 7. dxc5 Bxc5 8. Na4
Qc7 9. f4 a6 10. Nf3 Ba7 11. Qe2 b5 12. Nc3 Nc6 13. O-O-O b4 14. Nb1 Rc8 15.
Qe3 Bxe3 16. Bxe3 d4 17. Bxd4 Bxc2 18. Rd2 Nxd4 0-1

[Event "East Lansing (MOR/7)"]
[Site "?"]
[Date "1991.??.??"]
[Round "?"]
[White "Mikus, R."]
[Black "Hill, Brent"]
[Result "0-1"]
[WhiteElo "1605"]
[BlackElo "1605"]
[PlyCount "74"]
[EventDate "1991.??.??"]

1. e4 c6 2. d4 d5 3. Nc3 Nf6 4. Bd3 dxe4 5. Nxe4 Qxd4 6. Nf3 Qd8 7. Ng3 e6 8.
O-O Bd6 9. Ne4 Be7 10. Qe2 Nxe4 11. Qxe4 Nd7 12. Be3 Bf6 13. Rab1 g6 14. Bh6 g5
15. Qe3 Rg8 16. Bxh7 Rh8 17. Qd3 Nc5 18. Qxd8+ Bxd8 19. Nxg5 Bxg5 20. Bxg5 Rxh7
21. Rbd1 Bd7 22. Rd4 e5 23. Re1 e4 24. b4 Rh5 25. h4 Ne6 26. Rdxe4 Kf8 27. Re5
Nxg5 28. Rxg5 Rxh4 29. c3 Re8 30. Rxe8+ Kxe8 31. Rg8+ Ke7 32. Ra8 a6 33. Rb8 b5
34. Ra8 Rc4 35. Rxa6 Rxc3 36. a4 bxa4 37. Rxa4 Rb3 0-1

[Event "East Lansing (MOR/3)"]
[Site "?"]
[Date "1991.??.??"]
[Round "?"]
[White "Mikus, R."]
[Black "DeVries, D."]
[Result "1-0"]
[WhiteElo "1605"]
[BlackElo "1605"]
[PlyCount "77"]
[EventDate "1991.??.??"]

1. e4 c5 2. Nf3 Nc6 3. d4 cxd4 4. Nxd4 Nf6 5. Nc3 g6 6. Be3 Bg7 7. Qd2 d6 8.
O-O-O O-O 9. f3 Nxd4 10. Bxd4 Be6 11. g4 d5 12. Bxf6 Bxf6 13. Nxd5 Bxd5 14.
Qxd5 Qb6 15. Qb3 Qf2 16. Bc4 b5 17. Bd5 Rac8 18. Qd3 Rfd8 19. Bxf7+ Kxf7 20.
Qb3+ Kg7 21. Rxd8 Rxd8 22. a3 Rd2 23. Kb1 a6 24. h4 Bxh4 25. Rxh4 Rd1+ 26. Ka2
Qe1 27. Qc3+ Qxc3 28. bxc3 Re1 29. Kb3 g5 30. Rh2 a5 31. Rd2 Re3 32. Rd3 Rxd3
33. cxd3 Kf6 34. c4 bxc4+ 35. dxc4 Ke6 36. Ka4 Kd6 37. Kxa5 Kc5 38. a4 Kxc4 39.
Kb6 1-0

[Event "East Lansing (MOR/1)"]
[Site "?"]
[Date "1991.??.??"]
[Round "?"]
[White "Mikus, R."]
[Black "Croel, Duane"]
[Result "0-1"]
[WhiteElo "1605"]
[BlackElo "1780"]
[PlyCount "66"]
[EventDate "1991.??.??"]

1. e4 c5 2. Nf3 d6 3. d4 cxd4 4. Nxd4 Nf6 5. Nc3 g6 6. Be3 Bg7 7. Qd2 O-O 8.
O-O-O Nc6 9. f3 Bd7 10. g4 Ne5 11. h4 Rc8 12. h5 Nc4 13. Bxc4 Rxc4 14. hxg6
fxg6 15. Bh6 Qa5 16. Bxg7 Kxg7 17. a3 Rfc8 18. Qh6+ Kg8 19. Nd5 Kf7 20. Nxf6
Kxf6 21. Qh4+ Qg5+ 22. Qxg5+ Kxg5 23. Rxh7 Ba4 24. Rd2 e5 25. b3 Rc3 26. Ne2
Rxb3 27. Rxd6 Rxf3 28. Rd2 Bc6 29. Re7 Kf6 30. Rh7 Bxe4 31. Ng1 Rf1+ 32. Rd1
Rxc2+ 33. Kb1 Rxd1# 0-1

[Event "East Lansing (MOR/4)"]
[Site "?"]
[Date "1991.??.??"]
[Round "?"]
[White "Mech, R."]
[Black "Rubel, J."]
[Result "1/2-1/2"]
[WhiteElo "1605"]
[BlackElo "1605"]
[PlyCount "131"]
[EventDate "1991.??.??"]

1. d4 Nf6 2. c4 d6 3. Nc3 g6 4. e4 Bg7 5. Nf3 O-O 6. Be2 c6 7. O-O Qc7 8. Be3
Nbd7 9. Rc1 Ng4 10. Qd2 Nxe3 11. Qxe3 Nf6 12. d5 Ng4 13. Qd3 Bd7 14. h3 Ne5 15.
Nxe5 Bxe5 16. f4 Bg7 17. f5 Qb6+ 18. Kh1 Qxb2 19. Rc2 Qb6 20. Rb1 Qc7 21. Rcb2
Rab8 22. Rb3 Be5 23. Qe3 c5 24. Nb5 Bxb5 25. Rxb5 b6 26. R5b3 Qd7 27. Rf1 Kh8
28. Qh6 Bg7 29. Qg5 Bf6 30. Qh6 Bg7 31. Qg5 Kg8 32. Rbf3 Bf6 33. Qh6 Qa4 34.
fxg6 fxg6 35. R3f2 Bg7 36. Qh4 Rxf2 37. Rxf2 Rf8 38. Bg4 Bf6 39. Be6+ Kg7 40.
Qf4 Qxc4 41. g4 g5 42. Qf5 Qd4 43. h4 Qe5 44. hxg5 Qxf5 45. Rxf5 Be5 46. Kg2
Rxf5 47. gxf5 Bf4 48. g6 hxg6 49. fxg6 Kxg6 50. Bd7 Kf6 51. Bb5 e6 52. dxe6
Kxe6 53. Kf3 Ke5 54. Bc6 Bc1 55. Ke2 Kd4 56. Kd1 Ba3 57. Kc2 c4 58. Bb5 a5 59.
Ba6 d5 60. exd5 Kxd5 61. Kc3 Bb4+ 62. Kc2 Kd4 63. a4 Be1 64. Bb5 Kc5 65. Bd7 b5
66. Bxb5 1/2-1/2

[Event "East Lansing (MOR/7)"]
[Site "?"]
[Date "1991.??.??"]
[Round "?"]
[White "Mech, R."]
[Black "Repas, B."]
[Result "1/2-1/2"]
[WhiteElo "1605"]
[BlackElo "1605"]
[PlyCount "64"]
[EventDate "1991.??.??"]

1. d4 d5 2. e3 Nf6 3. Bd3 Nc6 4. f4 Nb4 5. Be2 e6 6. c3 Nc6 7. Bd3 g6 8. Nd2 h5
9. h3 Bg7 10. Ngf3 a6 11. Ne5 Nd7 12. Ndf3 Ncxe5 13. Nxe5 Qh4+ 14. Kd2 Nxe5 15.
fxe5 Qf2+ 16. Qe2 Qxe2+ 17. Kxe2 Bd7 18. e4 c5 19. exd5 exd5 20. Bg5 O-O 21.
Rhf1 Rae8 22. Kd2 Re6 23. Rf3 f6 24. Bxf6 Bxf6 25. Rxf6 Rexf6 26. exf6 Rxf6 27.
Rf1 Rxf1 28. Bxf1 cxd4 29. cxd4 g5 30. Be2 h4 31. Bf3 Bc6 32. Kc3 b6 1/2-1/2

[Event "East Lansing (MOR/3)"]
[Site "?"]
[Date "1991.??.??"]
[Round "?"]
[White "Mech, R."]
[Black "Collins, Devontia"]
[Result "0-1"]
[WhiteElo "1605"]
[BlackElo "1605"]
[PlyCount "66"]
[EventDate "1991.??.??"]

1. d4 Nf6 2. e3 g6 3. Nf3 Bg7 4. c4 O-O 5. Nc3 d6 6. Bd3 Nbd7 7. O-O e5 8. Qb3
b6 9. Bd2 Bb7 10. d5 Nc5 11. Qc2 Nxd3 12. Qxd3 Bc8 13. Qc2 Bg4 14. e4 Bxf3 15.
gxf3 Nh5 16. Kh1 f5 17. Rg1 f4 18. Rg4 Nf6 19. Rg2 Qd7 20. b4 a6 21. Ne2 Qh3
22. c5 Qxf3 23. Ng1 Qxe4 24. Qxe4 Nxe4 25. f3 Nxd2 26. Rxd2 e4 27. Rc1 exf3 28.
Nxf3 Rae8 29. Ng5 Bh6 30. Ne6 f3 31. cxd6 cxd6 32. Rdc2 Bxc1 33. Nxf8 Re1# 0-1

[Event "Detroit (MI Action/1)"]
[Site "?"]
[Date "1991.??.??"]
[Round "?"]
[White "McGrath, Michael"]
[Black "Vaughn, Gerald"]
[Result "1/2-1/2"]
[WhiteElo "1605"]
[BlackElo "1605"]
[PlyCount "95"]
[EventDate "1991.??.??"]

1. e4 c5 2. c3 Nc6 3. Nf3 d6 4. Bb5 Bd7 5. d4 cxd4 6. cxd4 Nf6 7. Nc3 a6 8. Bc4
b5 9. Bd3 h6 10. O-O Nb4 11. a3 Nxd3 12. Qxd3 e6 13. Re1 Be7 14. Bf4 Nh5 15.
Qe3 Rc8 16. e5 Bc6 17. exd6 Bxd6 18. Bxd6 Qxd6 19. Ne5 Bb7 20. Ne4 Bxe4 21.
Qxe4 O-O 22. Re3 Rfd8 23. Rd1 Nf6 24. Qb7 Rc7 25. Qf3 Qxd4 26. Red3 Qxe5 27.
Rxd8+ Kh7 28. h3 Nd5 29. Ra8 Qxb2 30. Rxa6 Rc1 31. Rxc1 Qxc1+ 32. Kh2 Qc7+ 33.
Qg3 Qb7 34. Ra5 b4 35. Qd3+ Kh8 36. Rb5 Qc7+ 37. g3 bxa3 38. Qxa3 Qc2 39. Kg2
Nf4+ 40. gxf4 Qc6+ 41. Kg3 Qxb5 42. Qf8+ Kh7 43. Qxf7 Qd3+ 44. f3 Qg6+ 45.
Qxg6+ Kxg6 46. Kg4 h5+ 47. Kh4 Kh6 48. Kg3 1/2-1/2

[Event "Ann Arbor (HVA/1/16)"]
[Site "?"]
[Date "1991.??.??"]
[Round "?"]
[White "McGrath, Michael"]
[Black "Rostrom, Richard"]
[Result "1-0"]
[WhiteElo "1605"]
[BlackElo "1660"]
[PlyCount "105"]
[EventDate "1991.??.??"]

{1/(16)} 1. e4 c6 2. Nf3 d5 3. e5 Bf5 4. d4 e6 5. Bd3 Bxd3 6. Qxd3 c5 7. c3 Nc6
8. O-O Nge7 9. Bg5 Qb6 10. b3 Nf5 11. Nbd2 cxd4 12. cxd4 Ncxd4 13. Nxd4 Nxd4
14. Be3 Bc5 15. Rac1 O-O 16. a3 a5 17. a4 f6 18. Rxc5 Qxc5 19. Bxd4 Qc7 20.
exf6 e5 21. fxg7 Qxg7 22. Bc3 d4 23. Bb2 Rac8 24. Nc4 Qc7 25. h3 Rf7 26. Ba3
Rd8 27. Re1 Rd5 28. Re4 b5 29. Rg4+ Kh8 30. Qg3 Rg7 31. Bd6 Rxg4 32. hxg4 Qc8
33. Bxe5+ Kg8 34. axb5 Qc5 35. Qf4 Qe7 36. Bxd4 Qd7 37. Be5 Qe7 38. Bf6 Qf7 39.
Ne5 Qc7 40. Qg5+ Kf8 41. Ng6+ hxg6 42. Qxd5 Qc1+ 43. Kh2 Qh6+ 44. Bh4 Qxh4+ 45.
Kg1 Qf6 46. Qc5+ Ke8 47. b6 Qa1+ 48. Kh2 Qh8+ 49. Kg3 Qb2 50. Qc6+ Kf7 51. b7
Qxb3+ 52. Kh2 Qb2 53. Qc7+ 1-0

[Event "Detroit (MI Action/4)"]
[Site "?"]
[Date "1991.??.??"]
[Round "?"]
[White "McGrath, Michael"]
[Black "Randall, Paul"]
[Result "1-0"]
[WhiteElo "1605"]
[BlackElo "1605"]
[PlyCount "84"]
[EventDate "1991.??.??"]

1. e4 c5 2. c3 d6 3. d4 cxd4 4. cxd4 Nf6 5. Qa4+ Bd7 6. Bb5 Nxe4 7. d5 Nc5 8.
Qc4 Qa5+ 9. Nc3 a6 10. Bxd7+ Nbxd7 11. Nf3 g6 12. Qd4 Nf6 13. O-O Bg7 14. b4
Nb3 15. bxa5 Nxd4 16. Nxd4 Rc8 17. Nce2 Nxd5 18. Bb2 O-O 19. Rab1 Rc7 20. Nf3
Rc2 21. Bxg7 Kxg7 22. Rfd1 Rxe2 23. Rxd5 Rxa2 24. h4 Rc8 25. h5 Rcc2 26. hxg6
hxg6 27. Rf1 Rc5 28. Rxc5 dxc5 29. Rb1 c4 30. Rxb7 c3 31. Rc7 c2 32. Kh2 Kf6
33. Nd4 c1=Q 34. Rxc1 Rxa5 35. Rc7 Ra1 36. g3 Ke5 37. Nb3 Ra3 38. Rxe7+ Kd6 39.
Rb7 Kc6 40. Rb8 a5 41. Nd4+ Kc5 42. Ne2 Ra2 1-0

[Event "Ann Arbor (HVA/5/9)"]
[Site "?"]
[Date "1991.??.??"]
[Round "?"]
[White "McGrath, Michael"]
[Black "Griffin, John"]
[Result "1-0"]
[WhiteElo "1605"]
[BlackElo "1605"]
[PlyCount "75"]
[EventDate "1991.??.??"]

{5/(9)} 1. e4 c5 2. Nc3 Nc6 3. g3 g6 4. Bg2 Bg7 5. Nge2 e6 6. d3 Nge7 7. Bf4 d6
8. Qc1 O-O 9. O-O Nd4 10. Nxd4 cxd4 11. Nb5 e5 12. Bg5 f6 13. Bd2 a6 14. Na3 b5
15. c4 Bd7 16. cxb5 Rc8 17. Qd1 axb5 18. Qb3+ Kh8 19. Nxb5 Rb8 20. a4 Qb6 21.
Rfc1 Bxb5 22. axb5 Rfc8 23. Bh3 Rxc1+ 24. Rxc1 Qd8 25. Be6 Rb7 26. Qc4 Qb8 27.
b4 Rxb5 28. Qc7 Rb7 29. Qxb8+ Rxb8 30. Rc7 Bf8 31. Bc4 f5 32. b5 fxe4 33. dxe4
Rc8 34. b6 Rb8 35. b7 Nc6 36. Bg5 Bg7 37. Rc8+ Bf8 38. Bf6# 1-0

[Event "Ann Arbor (HVA/3/13)"]
[Site "?"]
[Date "1991.??.??"]
[Round "?"]
[White "McGrath, Michael"]
[Black "Christiansen, G."]
[Result "0-1"]
[WhiteElo "1605"]
[BlackElo "1605"]
[PlyCount "42"]
[EventDate "1991.??.??"]

{3/(13)} 1. e4 e5 2. Bc4 Nf6 3. Nc3 Bb4 4. Na4 d5 5. exd5 Nxd5 6. Nf3 Nc6 7.
O-O O-O 8. Bb5 Bd6 9. Bxc6 bxc6 10. b3 e4 11. Nd4 Qg5 12. d3 Qg6 13. g3 f5 14.
Nxc6 f4 15. c4 fxg3 16. fxg3 Re8 17. cxd5 Bxg3 18. Kh1 exd3 19. Qf3 Bd6 20. Bb2
Re2 21. Rg1 Rxh2# 0-1

[Event "East Lansing (MOR/1)"]
[Site "?"]
[Date "1991.??.??"]
[Round "?"]
[White "McCarter, Robert"]
[Black "Shull, D."]
[Result "1-0"]
[WhiteElo "1715"]
[BlackElo "1605"]
[PlyCount "75"]
[EventDate "1991.??.??"]

1. d4 d5 2. Nf3 Nf6 3. e3 g6 4. c4 b6 5. Nc3 Bg7 6. cxd5 Nxd5 7. Bd2 O-O 8. Rc1
Bb7 9. Be2 Nd7 10. O-O Rc8 11. Nxd5 Bxd5 12. Ba6 Rb8 13. Qa4 c5 14. Bb5 Rb7 15.
Bc6 Bxc6 16. Qxc6 Rc7 17. Qb5 cxd4 18. Rxc7 Qxc7 19. Rc1 Qb7 20. Nxd4 Bxd4 21.
exd4 Nf6 22. Qc6 Qa6 23. Bb4 Nh5 24. Bxe7 Rb8 25. Bd6 Rd8 26. Be5 Qxa2 27. g4
f6 28. gxh5 fxe5 29. dxe5 Qxb2 30. e6 Qe5 31. h6 Qg5+ 32. Kh1 Qe7 33. Qc7 Qxc7
34. Rxc7 Ra8 35. Rg7+ Kh8 36. Rd7 a5 37. e7 Re8 38. Rd8 1-0

[Event "Ann Arbor (HVA/4/4)"]
[Site "?"]
[Date "1991.??.??"]
[Round "?"]
[White "McCarter, Robert"]
[Black "Rhee, William"]
[Result "0-1"]
[WhiteElo "1725"]
[BlackElo "1890"]
[PlyCount "80"]
[EventDate "1991.??.??"]

{4/(4)} 1. d4 Nc6 2. Nf3 d5 3. e3 Bg4 4. c4 Nf6 5. Nc3 e6 6. cxd5 exd5 7. h3
Bh5 8. Qb3 Bxf3 9. gxf3 Qd7 10. Qxb7 Rb8 11. Qa6 Rb6 12. Qa4 a6 13. a3 Qf5 14.
Qd1 Be7 15. b4 O-O 16. Bd3 Qg5 17. Qe2 Qg2 18. Rf1 a5 19. b5 Nd8 20. Bf5 c6 21.
a4 Bb4 22. Bd2 g6 23. Bd3 Re8 24. Na2 Ne6 25. Bxb4 Nxd4 26. Qb2 Nxf3+ 27. Ke2
d4 28. Bd2 dxe3 29. Bxe3 Nd5 30. Kd1 Nxe3+ 31. Kc1 Nxf1 32. Qc2 Qg5+ 33. Kb2
Qf6+ 34. Nc3 N1d2 35. Rc1 cxb5 36. Bxb5 Re2 37. Ka1 Nd4 38. Qd1 N4b3+ 39. Ka2
Nxc1+ 40. Qxc1 Qe6+ 0-1

[Event "East Lansing (MOR/7)"]
[Site "?"]
[Date "1991.??.??"]
[Round "?"]
[White "McCarter, Robert"]
[Black "Puryear, Douglas"]
[Result "1-0"]
[WhiteElo "1715"]
[BlackElo "1605"]
[PlyCount "57"]
[EventDate "1991.??.??"]

1. d4 d5 2. Nf3 Nf6 3. e3 Bg4 4. c4 dxc4 5. Bxc4 e6 6. Qb3 Bxf3 7. gxf3 b6 8.
Bd2 Be7 9. Nc3 c6 10. Ke2 O-O 11. Rag1 b5 12. Bd3 Qd7 13. Ne4 Nxe4 14. fxe4 Rd8
15. Bc3 e5 16. Ba5 Re8 17. dxe5 Bd8 18. Bc3 g6 19. h4 Kf8 20. f4 Qe6 21. Qxe6
Rxe6 22. f5 gxf5 23. exf5 Rh6 24. h5 Nd7 25. e6 fxe6 26. Bg7+ Ke7 27. Bxh6 exf5
28. Bxf5 Bb6 29. Rg7+ 1-0

[Event "Ann Arbor (HVA/2/3)"]
[Site "?"]
[Date "1991.??.??"]
[Round "?"]
[White "McCarter, Robert"]
[Black "Potter, George"]
[Result "0-1"]
[WhiteElo "1725"]
[BlackElo "1875"]
[PlyCount "131"]
[EventDate "1991.??.??"]

{2/(3)} 1. d4 d5 2. Nf3 Nf6 3. e3 e6 4. Bd3 c5 5. c3 Be7 6. Nbd2 Nbd7 7. O-O b6
8. Qe2 Bb7 9. e4 dxe4 10. Nxe4 O-O 11. dxc5 Nxc5 12. Nxc5 Bxc5 13. Bg5 Be7 14.
Rad1 Qc7 15. Bxf6 Bxf6 16. Be4 Rad8 17. Bxb7 Qxb7 18. c4 g6 19. b3 Kg7 20. Rxd8
Rxd8 21. Rd1 Rxd1+ 22. Qxd1 Qe4 23. Kf1 h5 24. Ne1 Bc3 25. Nc2 Be5 26. Qe2
Qxe2+ 27. Kxe2 Bxh2 28. g3 h4 29. Kf3 hxg3 30. fxg3 Bg1 31. Nb4 Kf6 32. Nc6 a5
33. g4 Bc5 34. Ke4 Bd6 35. Nd8 Bc7 36. Nc6 Kg5 37. Kf3 f5 38. gxf5 exf5 39. a3
Bd6 40. b4 axb4 41. axb4 Kf6 42. Ke3 g5 43. Kd4 g4 44. c5 bxc5+ 45. bxc5 Bc7
46. Ke3 f4+ 47. Kf2 Ke6 48. Nb4 Be5 49. c6 Kd6 50. Nd3 Bd4+ 51. Kg2 Be3 52. c7
Kxc7 53. Ne5 g3 54. Ng4 Bc1 55. Nf6 Bd2 56. Ne4 Be1 57. Kf1 Bb4 58. Kg2 Bd6 59.
Kf3 Kc6 60. Nc3 Kc5 61. Ne2 Kc4 62. Ng1 Kd3 63. Ne2 Bc7 64. Ng1 Kd2 65. Nh3 Ke1
66. Kg2 0-1

[Event "Detroit (HPO/3/32)"]
[Site "?"]
[Date "1991.??.??"]
[Round "?"]
[White "McCarter, Robert"]
[Black "Howard, W."]
[Result "1-0"]
[WhiteElo "1725"]
[BlackElo "1605"]
[PlyCount "59"]
[EventDate "1991.??.??"]

{3/(32)} 1. d4 d5 2. Nf3 Nf6 3. e3 Bd7 4. Bd3 e6 5. O-O Nc6 6. a3 Bd6 7. c4 b6
8. Nc3 Ne7 9. Nb5 Nc8 10. Nxd6+ Nxd6 11. cxd5 exd5 12. Ne5 Be6 13. b4 O-O 14.
Bd2 a6 15. Rc1 b5 16. a4 Nfe4 17. axb5 axb5 18. Qc2 Qh4 19. Be1 Qh6 20. Qe2 f5
21. f3 Nf6 22. Rxc7 Nh5 23. Bd2 Ra2 24. Rc2 Rfa8 25. Rfc1 Rxc2 26. Bxc2 f4 27.
e4 Qg5 28. Bb3 Nf6 29. Nd3 Ng4 30. Bxf4 1-0

[Event "East Lansing (MOR/6)"]
[Site "?"]
[Date "1991.??.??"]
[Round "?"]
[White "McCarter, Robert"]
[Black "Griffin, John"]
[Result "0-1"]
[WhiteElo "1715"]
[BlackElo "1610"]
[PlyCount "76"]
[EventDate "1991.??.??"]

1. d4 Nf6 2. Nf3 e6 3. e3 b6 4. Bd3 Bb7 5. Nbd2 d5 6. Qe2 c5 7. c3 Nc6 8. dxc5
Bxc5 9. e4 O-O 10. b4 Be7 11. e5 Nd7 12. O-O Re8 13. Re1 Nf8 14. Nb3 f6 15. Bb5
a6 16. Bxc6 Bxc6 17. Nbd4 Bd7 18. b5 fxe5 19. Nxe5 Bxb5 20. Nxb5 axb5 21. Qxb5
Bc5 22. Be3 Qc7 23. Bd2 Bd6 24. Qe2 Ra4 25. Qh5 Rea8 26. Re3 Rxa2 27. Rxa2 Rxa2
28. Nf3 Bf4 29. Re2 Bxd2 30. Rxd2 Rxd2 31. Nxd2 Qxc3 32. Qe2 Qc1+ 33. Nf1 Qc4
34. Qe5 b5 35. Ne3 Qc1+ 36. Nf1 b4 37. Qd4 b3 38. g3 b2 0-1

[Event "East Lansing (MOR/3)"]
[Site "?"]
[Date "1991.??.??"]
[Round "?"]
[White "McCarter, Robert"]
[Black "Choyke, J."]
[Result "1-0"]
[WhiteElo "1715"]
[BlackElo "1605"]
[PlyCount "57"]
[EventDate "1991.??.??"]

1. d4 Nf6 2. Nf3 e6 3. e3 c5 4. c3 b6 5. Bd3 Ba6 6. Bxa6 Nxa6 7. Qd3 Nc7 8. O-O
d5 9. Nbd2 cxd4 10. exd4 Be7 11. Ne5 O-O 12. f4 Bd6 13. Ndf3 Ne4 14. Ng5 Nxg5
15. fxg5 f6 16. gxf6 Rxf6 17. Bd2 Bxe5 18. dxe5 Rf8 19. Qg3 Rxf1+ 20. Rxf1 g6
21. Bg5 Qd7 22. Bh6 Re8 23. Rf6 Qb5 24. Rxg6+ Kh8 25. Bg7+ Kg8 26. Bf6+ Kf7 27.
Rg7+ Kf8 28. Rg8+ Kf7 29. Qg7# 1-0